000 00770nam a2200289Ia 4500
003 OSt
005 20221005060820.0
006 a|||||r|||| 00| 0
007 ta
008 221004b |||||||| |||| 00| 0 eng d
020 _a0415296773
_c1086.82
024 _a82440
037 _b5515, 30/03/2005, Overseas Press
_cTextual
040 _aCRL
_cCRL
_beng
041 _2eng
_aeng
082 _aY7, P3
100 _aMiles Robert
245 0 _aRacism
250 _a2nd
260 _aLondon
_bRoutledge U. K.
_c2003
300 _a197p.
_ccm.
490 _aKey ideas
650 _aANTHROPOLOGY
700 _a Brown Malcolm
942 _hY7, P3
_cTEXL
_2cc
999 _c967296
_d967296